000 00530nam a22001937a 4500
008 150923b xxu||||| |||| 00| 0 eng d
020 _a9780073048253
020 _a0073048259
020 _a9780073103686
020 _a0073103683
041 0 _aeng
080 _a311.1
245 _aElementary statisticcs:
_cAllan G. Bluman.
250 _a6th ed.
260 _aUSA:
_bMcGraw Hill Companies;
_c2007.
300 _a14-31 (various pages)
_bme il.;
_c25 cm.
650 0 _aStatistika
942 _2udc
_cBK
999 _c1166
_d1166